[Event "Adelaide Lidums YM"]
[Site "Adelaide"]
[Date "2016.12.08"]
[Round "7"]
[White "Fikh, Anthony"]
[Black "Liu, Ethan"]
[Result "1-0"]
[WhiteElo "1542"]
[BlackElo "942"]
[PlyCount "125"]
[EventDate "2016.12.05"]
[EventType "tourn"]
[EventRounds "9"]
[EventCountry "AUS"]
[SourceTitle "CBM 176 Extra"]
[Source "ChessBase"]
[SourceDate "2017.03.02"]
[SourceVersion "1"]
[SourceVersionDate "2017.03.02"]
[SourceQuality "1"]

1. d4 d5 2. c4 c6 3. cxd5 cxd5 4. Nf3 Nf6 5. Bf4 Nc6 6. Nc3 a6 7. e3 Bf5 8. Bd3 Bxd3 9. Qxd3 g6 10. 0-0 Bg7 11. Ne5 0-0 12. Nxc6 bxc6 13. Na4 Nd7 14. Rac1 Qa5 15. b3 Rfc8 16. Rc2 c5 17. h3 c4 18. Qc3 Qxc3 19. Rxc3 cxb3 20. Rxb3 Rc2 21. a3 f6 22. Rb7 Rd8 23. Bc7 Rc8 24. Ba5 Nb8 25. Nb6 Re8 26. Nxd5 Nc6 27. Rc7 e6 28. Nb4 Nxb4 29. axb4 Rxc7 30. Bxc7 Rc8 31. Bd6 Bf8 32. Bc5 Bxc5 33. bxc5 e5 34. Ra1 exd4 35. exd4 Rc6 36. Kf1 Kf7 37. Ke2 Ke6 38. Kd3 Kd5 39. f3 h5 40. g4 hxg4 41. fxg4 g5 42. Rf1 Ke6 43. Kc4 Kd7 44. d5 Rc8 45. Rxf6 a5 46. c6+ Kc7 47. Kc5 a4 48. d6+ Kb8 49. Rf1 a3 50. Rb1+ Ka7 51. d7 a2 52. dxc8N+ Ka8 53. Nb6+ Ka7 54. Nc8+ Ka8 55. Ra1 Kb8 56. Kd6 Ka8 57. Ne7 Kb8 58. c7+ Ka7 59. Rxa2+ Kb6 60. Rh2 Ka7 61. c8Q Kb6 62. Rb2+ Ka5 63. Qa8# 1-0

[Event "Adelaide Lidums YM"]
[Site "Adelaide"]
[Date "2016.12.07"]
[Round "6"]
[White "Liu, Ethan"]
[Black "Lee, Aaron James"]
[Result "0-1"]
[WhiteElo "942"]
[BlackElo "1792"]
[PlyCount "98"]
[EventDate "2016.12.05"]
[EventType "tourn"]
[EventRounds "9"]
[EventCountry "AUS"]
[SourceTitle "CBM 176 Extra"]
[Source "ChessBase"]
[SourceDate "2017.03.02"]
[SourceVersion "1"]
[SourceVersionDate "2017.03.02"]
[SourceQuality "1"]

1. e4 d5 2. exd5 Nf6 3. Nf3 Qxd5 4. Nc3 Qd6 5. Bc4 Bg4 6. 0-0 Nc6 7. h3 Bh5 8. Be2 a6 9. d4 0-0-0 10. Be3 Bxf3 11. Bxf3 Nxd4 12. Bxd4 Qxd4 13. Qxd4 Rxd4 14. Rad1 Rxd1 15. Rxd1 e6 16. a3 Bd6 17. Ne4 Nxe4 18. Bxe4 Rd8 19. f4 Bc5+ 20. Kh2 Rxd1 21. b4 Bd6 22. g3 f5 23. Bd3 Kd7 24. Kg2 Ra1 25. g4 g6 26. Kf3 Rxa3 27. gxf5 gxf5 28. Kg3 Be7 29. Kf2 Kd6 30. Ke2 Kd5 31. Ke3 Bxb4 32. c4+ Kd6 33. h4 Kc5 34. h5 h6 35. Ke2 Kd4 36. Bb1 Rb3 37. Bc2 Rb2 38. Kd1 Kc3 39. Ba4 Rh2 40. Ke1 Kd3+ 41. Kf1 Ke3 42. Kg1 Rd2 43. Kf1 Kxf4 44. Bd7 Kf3 45. Ba4 e5 46. Kg1 Kg3 47. Kf1 Rf2+ 48. Kg1 Re2 49. c5 Re1# 0-1